Minecraft Blocks - The Enchanting Table Quiz - Statistics

General Stats
  • This quiz has been taken 207 times
  • The average score is 12 of 15
Answer Stats
Question Answer % Correct
What items are used to craft an Enchanting Table? Book
99%
What items are used to craft an Enchanting Table? Diamond
99%
What items are used to craft an Enchanting Table? Obsidian
98%
What block, when placed around the table, will increase the quality of enchantments? Bookshelf
91%
What item is used when enchanting? Lapis Lazuli
90%
How many levels are required to use the third tier of enchantments? 30
85%
Name an enchantment one may get from using an enchantment table: Bane of Arthropods, Channeling, Protection, etc.
85%
What type of Villager will trade the player enchanted books? Librarian
85%
Using enchanted books, this item is also able to enchant items: Anvil
84%
What mob drops the most experience? Enderdragon
82%
What update was the enchanting table first added in? 1.0 The Adventure Update
81%
Tools and armour made from what material typically get better enchantments? Gold
81%
What block can remove enchantments from items? Grindstone
75%
Which item, when thrown on the ground, gives the player experience? Bottle o’ Enchanting
62%
What language are the enchantments written in? Standard Galactic Alphabet
23%
No matching quizzes found
Score Distribution
Percent of People with Each Score
Percentile by Number Answered
Your Score History
You have not taken this quiz